| 000 | 00761nam a2200253Ia 4500 | ||
|---|---|---|---|
| 003 | GCL | ||
| 005 | 20240530105415.0 | ||
| 008 | 140319s9999 xx 000 0 ara d | ||
| 040 |
_aGCL / _cGCL |
||
| 082 | 0 | 4 |
_a330.90905\ _bك ا |
| 100 | 1 | _aمحمد عبدالقادر | |
| 245 | 1 | 0 |
_a00000000000000 _cمحمد عبدالقادر |
| 260 |
_a[S.N] : _bدار الشروق ، _c1993 |
||
| 300 | _a482 ص | ||
| 650 | 0 | 4 | _aالتخطيط الاقتصادى |
| 650 | 0 | 4 | _aالدول النامية |
| 650 | 0 | 4 | _aالاحوال الاقتصادية |
| 650 | 0 | 4 | _aالتنمية الاقتصادية |
| 650 | 0 | 4 | _aالعالم |
| 650 | 0 | 4 | _aالبيروستريكا |
| 700 | 1 | _aنحادى مسعود | |
| 700 | 1 | _aكيندى ,بول | |
| 942 |
_2ddc _cBK |
||
| 999 |
_c55741 _d55741 |
||